Music Quiz

Random Music or Song Quiz

Song lyrics from the 1990s Quiz Stats

 Plays Quiz not verified by Sporcle

Score 0/30 Timer 10:00
0 Plays Today
% Correct
Chumbawamba
90.7%
Barenaked Ladies
86.7%
Dave Matthews Band
68%
Dishwalla
64%
Everclear
62.7%
Eve 6
58.7%
Harvey Danger
52%
Cake
44%
Better Than Ezra
41.3%
Kid Rock
41.3%
American Hi-Fi
37.3%
Cornershop
32%
Foo Fighters
26.7%
Fuel
22.7%
Counting Crows
21.3%
% Correct
Collective Soul
20%
Guns N Roses
16%
Gin Blossoms
14.7%
Howlin' Maggie
14.7%
Fountains of Wayne
13.3%
Goo Goo Dolls
13.3%
New Radicals
13.3%
The Hazies
12%
Lenny Kravitz
12%
Matthew Ryan
12%
Watershed
10.7%
Drivin N Cryin
10.7%
Black Crowes
9.3%
Concrete Blonde
9.3%
Golden Smog
8%

You're not logged in!

Compare scores with friends on all Sporcle quizzes.
OR
Log In

Sporcle TV

Today on Sporcle TV


Watch our educational content, quiz creation guides, and fun videos on Sporcle TV.

Show Comments

Extras

Top Quizzes Today


Score Distribution

Your Account Isn't Verified!

In order to create a playlist on Sporcle, you need to verify the email address you used during registration. Go to your Sporcle Settings to finish the process.

Report this User

Report this user for behavior that violates our Community Guidelines.

Details: